ბათუმის შოთა რუსთაველის სახელმწიფო უნივერსიტეტის ბიბლიოთეკა

პროექტის წერა და დიზაინი. ნაწ. 1. კავკასიაში პროექტის წარმატებით შემუშავების სახელმძღვანელო - ლოგიკურ-სტრუქტურული მიდგომის საფუძველზე : ნაწ. 2. "პროექტის შემუშავების ინსტრუმენტები" / (ბიბ.ჩანაწერი № 58780)

000 -ლიდერი
ფიქსირებული სიგრძის საკონტროლო ველი 02286nam a22002417a 4500
003 - საკონტროლო ნომრის იდენტიფიკატორი
საკონტროლო ველი Ge_BSU
005 - ბოლო ოპერაციის თარიღი და დრო
საკონტროლო ველი 20220722151118.0
008 - ფიქსირებული სიგრძის მონაცემთა ელემენტები - ზოგადი ინფორმაცია
ფიქსირებული სიგრძის საკონტროლო ველი 220722s2015ge xxu||||| |||| 00| 0 geo d
020 ## - წიგნის საერთაშორისო სტანდარტული ნომერი
International Standard Book Number 9789941084416
041 ## - ენის კოდი
Language code of text/sound track or separate title geo
080 ## - უნივერსალური ათობითი კლასიფიკაციის ინდექსი
Universal Decimal Classification number 005.8 ბ-20
100 ## - მთავარი ჩანაწერი - პიროვნების სახელი
Personal name ბალთზერსენი, ჯონი
9 (RLIN) 14474
245 ## - ცნობა სათაურის შესახებ
Title პროექტის წერა და დიზაინი. ნაწ. 1. კავკასიაში პროექტის წარმატებით შემუშავების სახელმძღვანელო - ლოგიკურ-სტრუქტურული მიდგომის საფუძველზე : ნაწ. 2. "პროექტის შემუშავების ინსტრუმენტები" /
Statement of responsibility, etc ჯონი ბალთზერსენი ; რედ.: კატარინა რეში, ანნე კალაშეკი, ჯონი ბალთზერსენი ; თანაავტორები : სიპან არევშატიანი, ჯონი ბალთზერსენი, ლელა იოსავა, რაზია ისაევა.
264 ## - წარმოების, გამოცემის, დისტრიბუციის და სხვა ცნობები
გამოცემის, წარმოების, დისტრიბუციის... ადგილი თბილისი :
გამოცემის, წარმოების, დისტრიბუციის... სახელწოდება დავით ტვილდიანის სახ. სამედ. უნ-ტი,
გამოცემის, წარმოების, დისტრიბუციის... თარიღი 2015.
300 ## - ფიზიკური აღწერა
Extent 115 გვ.:
Dimensions 30 სმ.
Other physical details + 1 CD
501 ## - შენიშვნა თანმხლებ მასალაზე
With note პუბლიკაცია შემუშავებული იქნა ტემპუსის პროექტის ”პროექტის შემქმნელთა უნარ-ჩვევების ტრენინგი კავკასიაში” ფარგლებში და დაფინანსებულია ევროკომისიის მხარდაჭერით.
653 ## - INDEX TERM--UNCONTROLLED
Uncontrolled term პროექტების დაგეგმვა.
653 ## - INDEX TERM--UNCONTROLLED
Uncontrolled term პროექტების შექმნა.
700 ## - ADDED ENTRY--PERSONAL NAME
Personal name რეში, კატარინა
Relator term რედაქტორი
9 (RLIN) 14475
700 ## - ADDED ENTRY--PERSONAL NAME
Personal name კალაშეკი, ანნე
Relator term რედაქტორი
9 (RLIN) 14476
700 ## - ADDED ENTRY--PERSONAL NAME
Personal name ბალთზერსენი, ჯონი
Relator term რედაქტორი
9 (RLIN) 14474
942 ## - ADDED ENTRY ELEMENTS (KOHA)
Source of classification or shelving scheme
Koha item type წიგნი
ეგზემპლარები
ჩამოწერის სტატუსი დაკარგული ეგზემპლარის სტატუსი კლასიფიკაციის წყარო ან თაროზე გაწყობის სქემა დაზიანების სტატუსი არ გაიცემა მუდმივი მდებარეობა (დაცვის ადგილი) ამჟამინდელი ადგილსამყოფელი თაროზე განთავსების ადგილი შეძენის თარიღი ღირებულება, შესყიდვის ნორმალური ფასი სრული შენახვის შიფრი შტრიხკოდი ბოლო ოპერაციის თარიღი ეგზემპლარის მიმდევრობითი ნომერი (კეტერი?) ფასის ძალაში შესვლის თარიღი ეგზემპლარის სახეობა საჯარო შენიშვნა
          ბათუმის შოთა რუსთაველის სახელმწიფო უნივერსიტეტის მთავარი ბიბლიოთეკა ბათუმის შოთა რუსთაველის სახელმწიფო უნივერსიტეტის მთავარი ბიბლიოთეკა წიგნსაცავი 2022-07-22 15.00 005.8 ბ-20 63017 2022-07-22 63017 2022-07-22 წიგნი 15.00